[Event "Muensterland Regionalliga 1819"]
[Site "Germany"]
[Date "2019.02.02"]
[Round "6.4"]
[White "Kubo, Thomas"]
[Black "Diehlmann, Christian"]
[Result "1-0"]
[WhiteElo "1983"]
[BlackElo "1929"]
[PlyCount "59"]
[EventDate "2018.09.08"]
[EventType "team-tourn"]
[EventRounds "9"]
[EventCountry "GER"]
[SourceTitle "EXT 2020"]
[Source "ChessBase"]
[SourceDate "2019.10.17"]
[SourceVersion "1"]
[SourceVersionDate "2019.10.17"]
[SourceQuality "1"]
[WhiteTeam "Muenster III"]
[BlackTeam "Ahaus Wessum"]
[WhiteTeamCountry "GER"]
[BlackTeamCountry "GER"]

1. Nf3 d5 2. c4 e6 3. g3 Nf6 4. Bg2 c5 5. cxd5 exd5 6. d4 Nc6 7. 0-0 Be7 8. dxc5 Bxc5 9. a3 a5 10. Bg5 Be7 11. Nc3 Be6 12. Rc1 0-0 13. Na4 Ne4 14. Bxe7 Qxe7 15. Nd4 Ne5 16. Nxe6 Qxe6 17. Qd4 f5 18. Nc5 Qd6 19. Nxb7 Qe6 20. Nc5 Qd6 21. Nxe4 fxe4 22. Bxe4 Rad8 23. Rfd1 Qf6 24. Bg2 h5 25. Rc5 h4 26. Rxd5 hxg3 27. Rxd8 gxf2+ 28. Kf1 Ng4 29. Rxf8+ Qxf8 30. Qxg4 1-0

[Event "Muensterland Regionalliga 1718"]
[Site "Germany"]
[Date "2017.09.02"]
[Round "1.6"]
[White "Kubo, Thomas"]
[Black "Kamp, Adrian"]
[Result "1/2-1/2"]
[WhiteElo "1958"]
[BlackElo "1805"]
[PlyCount "47"]
[EventDate "2017.09.02"]
[EventType "team-tourn"]
[EventRounds "9"]
[EventCountry "GER"]
[SourceTitle "EXT 2019"]
[Source "ChessBase"]
[SourceDate "2018.10.10"]
[SourceVersion "1"]
[SourceVersionDate "2018.10.10"]
[SourceQuality "1"]
[WhiteTeam "Muenster SK II"]
[BlackTeam "Muenster SK III"]
[WhiteTeamCountry "GER"]
[BlackTeamCountry "GER"]

1. Nf3 Nf6 2. c4 c6 3. g3 g6 4. Bg2 Bg7 5. 0-0 0-0 6. Nc3 d5 7. cxd5 cxd5 8. d4 Ne4 9. Qb3 Nc6 10. Rd1 Na5 11. Qb4 Nxc3 12. Qxc3 Bf5 13. b3 Qb6 14. Ba3 Rac8 15. Qe3 Nc6 16. Bc5 Qa6 17. a4 b6 18. Ba3 Rfe8 19. Ne5 Nxe5 20. dxe5 Rc2 21. Bf3 e6 22. Rac1 Rec8 23. g4 Rxc1 24. Rxc1 1/2-1/2

[Event "Muensterland Regionalliga 1516"]
[Site "Germany"]
[Date "2016.04.09"]
[Round "8.6"]
[White "Kubo, Thomas"]
[Black "Reckzuegel, Philipp"]
[Result "1-0"]
[WhiteElo "2031"]
[BlackElo "1890"]
[PlyCount "59"]
[EventDate "2015.09.05"]
[EventType "team"]
[EventRounds "9"]
[EventCountry "GER"]
[SourceTitle "EXT 2017"]
[Source "ChessBase"]
[SourceDate "2016.10.25"]
[SourceVersion "1"]
[SourceVersionDate "2016.10.25"]
[SourceQuality "1"]
[WhiteTeam "Muenster SK II"]
[BlackTeam "Gronau"]
[WhiteTeamCountry "GER"]
[BlackTeamCountry "GER"]

1. Nf3 Nf6 2. g3 d5 3. Bg2 e6 4. 0-0 Bd6 5. d4 0-0 6. c4 b6 7. Qc2 Qe7 8. Bf4 Bxf4 9. gxf4 Bb7 10. Nbd2 Nbd7 11. e3 c5 12. cxd5 Nxd5 13. Rac1 Nb4 14. Qb1 cxd4 15. Nxd4 Bxg2 16. Kxg2 Nf6 17. a3 Nbd5 18. N2f3 Rac8 19. Rc2 Rxc2 20. Qxc2 Qb7 21. Rc1 Ng4 22. Qc6 Qxc6 23. Rxc6 h5 24. h3 Ngf6 25. Ne5 Rd8 26. Kf3 g6 27. Nb5 a6 28. Nd6 Nd7 29. Ndxf7 Nxe5+ 30. Nxe5 1-0

[Event "Muensterland Regionalliga 1516"]
[Site "Germany"]
[Date "2016.01.09"]
[Round "5.7"]
[White "Kubo, Thomas"]
[Black "Keller, Dirk"]
[Result "1/2-1/2"]
[WhiteElo "2031"]
[BlackElo "1887"]
[PlyCount "73"]
[EventDate "2015.09.05"]
[EventType "team"]
[EventRounds "9"]
[EventCountry "GER"]
[SourceTitle "EXT 2017"]
[Source "ChessBase"]
[SourceDate "2016.10.25"]
[SourceVersion "1"]
[SourceVersionDate "2016.10.25"]
[SourceQuality "1"]
[WhiteTeam "Muenster SK II"]
[BlackTeam "Nienberge"]
[WhiteTeamCountry "GER"]
[BlackTeamCountry "GER"]

1. Nf3 Nf6 2. c4 c6 3. g3 d5 4. b3 Bf5 5. Bb2 e6 6. Bg2 Nbd7 7. 0-0 h6 8. d3 Be7 9. Nbd2 0-0 10. Re1 Bh7 11. Qc2 a5 12. a3 Qb8 13. Rac1 Bd6 14. Qb1 Re8 15. Qa1 e5 16. cxd5 Nxd5 17. Bh3 N5b6 18. Nc4 Bc7 19. Ne3 f6 20. Nh4 Nf8 21. Nhf5 Bg6 22. Qb1 Ne6 23. b4 axb4 24. axb4 Qc8 25. b5 Qd7 26. bxc6 bxc6 27. Qc2 Na4 28. Ba3 Ba5 29. Rf1 c5 30. Qc4 Kh7 31. Qg4 Ng5 32. Bg2 Ra7 33. h4 h5 34. Qc4 Bf7 35. Qc2 Ne6 36. Nc4 Bc7 37. Nce3 1/2-1/2

[Event "Muensterland Regionalliga 1516"]
[Site "Germany"]
[Date "2015.09.26"]
[Round "2.7"]
[White "Janning, Rainer"]
[Black "Kubo, Thomas"]
[Result "1/2-1/2"]
[WhiteElo "1849"]
[BlackElo "2031"]
[PlyCount "72"]
[EventDate "2015.09.05"]
[EventType "team"]
[EventRounds "9"]
[EventCountry "GER"]
[SourceTitle "EXT 2017"]
[Source "ChessBase"]
[SourceDate "2016.10.25"]
[SourceVersion "1"]
[SourceVersionDate "2016.10.25"]
[SourceQuality "1"]
[WhiteTeam "Steinfurt"]
[BlackTeam "Muenster SK II"]
[WhiteTeamCountry "GER"]
[BlackTeamCountry "GER"]

1. f4 c5 2. Nf3 Nc6 3. g3 d5 4. Bg2 Nf6 5. 0-0 e6 6. d3 b6 7. c3 Bb7 8. Na3 Be7 9. Nc2 Qc7 10. e3 0-0 11. d4 b5 12. Ne5 Rfc8 13. Bd2 a5 14. a3 b4 15. Nxc6 Qxc6 16. dxc5 bxc3 17. Bxc3 Qxc5 18. Rc1 Ba6 19. Re1 Bc4 20. Qd2 a4 21. Bb4 Qa7 22. Bxe7 Qxe7 23. Nb4 Qa7 24. Rc3 Rab8 25. Rec1 g6 26. Bf3 Qb6 27. g4 Qb5 28. Qd4 Nd7 29. e4 dxe4 30. Bxe4 Nb6 31. Qe5 Qxe5 32. fxe5 Rc5 33. Na6 Rxe5 34. Nxb8 Rxe4 35. h3 Bd5 36. Na6 Re2 1/2-1/2

[Event "Muensterland Regionalliga 1314"]
[Site "Germany"]
[Date "2014.04.05"]
[Round "8.5"]
[White "Kubo, Thomas"]
[Black "Gottkehaskamp, Stefan"]
[Result "1-0"]
[WhiteElo "2022"]
[BlackElo "1913"]
[PlyCount "79"]
[EventDate "2013.09.07"]
[EventType "team-tourn"]
[EventRounds "9"]
[EventCountry "GER"]
[SourceTitle "EXT 2015"]
[Source "ChessBase"]
[SourceDate "2014.11.20"]
[SourceVersion "1"]
[SourceVersionDate "2014.11.20"]
[SourceQuality "1"]
[WhiteTeam "Muenster SK II"]
[BlackTeam "Nienberge"]
[WhiteTeamCountry "GER"]
[BlackTeamCountry "GER"]

1. Nf3 Nf6 2. g3 c5 3. Bg2 Nc6 4. 0-0 g6 5. b3 Bg7 6. Bb2 0-0 7. d3 d6 8. Nbd2 Bd7 9. e4 Qc8 10. Re1 Bg4 11. a4 Nb4 12. Nc4 Ne8 13. Bxg7 Nxg7 14. Qd2 Rb8 15. c3 Nc6 16. Qh6 f6 17. Qe3 Ne5 18. Nfd2 Bh3 19. f4 Nxc4 20. Nxc4 Bxg2 21. Kxg2 b6 22. h3 Qd7 23. g4 b5 24. Nd2 bxa4 25. bxa4 Rb2 26. Kf3 Rfb8 27. Nc4 R2b3 28. Qd2 d5 29. exd5 Qxd5+ 30. Kg3 e6 31. Rad1 Ne8 32. Qe3 Nc7 33. Nd2 Rb2 34. Ne4 Qa2 35. Nxf6+ Kg7 36. Nd7 Rg2+ 37. Kh4 Rc8 38. Nxc5 h5 39. gxh5 gxh5 40. Rg1 1-0

[Event "Muensterland op 31st"]
[Site "Senden"]
[Date "2013.11.02"]
[Round "8"]
[White "Kammers, Heribert"]
[Black "Kubo, Thomas"]
[Result "1-0"]
[WhiteElo "2168"]
[BlackElo "2038"]
[PlyCount "91"]
[EventDate "2013.10.27"]
[EventType "swiss"]
[EventRounds "9"]
[EventCountry "GER"]
[SourceTitle "EXT 2014"]
[Source "ChessBase"]
[SourceDate "2013.11.20"]
[SourceVersion "1"]
[SourceVersionDate "2013.11.20"]
[SourceQuality "1"]

1. Nf3 c5 2. b3 Nc6 3. Bb2 Nf6 4. c4 e6 5. g3 Be7 6. Bg2 a6 7. 0-0 0-0 8. d4 cxd4 9. Nxd4 Qc7 10. Nc3 d6 11. Rc1 Bd7 12. Nd5 Qd8 13. Nxe7+ Qxe7 14. Ba3 Rfd8 15. Qd2 Nxd4 16. Qxd4 Bc6 17. Rfd1 Ne8 18. Qb6 Bxg2 19. Kxg2 Rac8 20. Rd3 Rc6 21. Qa5 Qc7 22. Qxc7 Nxc7 23. Rcd1 Ne8 24. e4 f6 25. c5 d5 26. exd5 exd5 27. Rxd5 Rxd5 28. Rxd5 Nc7 29. Rd7 a5 30. Rd6 Kf7 31. Rxc6 bxc6 32. Bc1 Ke6 33. Bd2 a4 34. bxa4 Kd5 35. Be3 Na6 36. Kf3 Nxc5 37. Bxc5 Kxc5 38. Ke4 Kb4 39. Kd4 c5+ 40. Kd5 c4 41. Kd4 c3 42. Kd3 Kxa4 43. Kxc3 Ka3 44. Kd4 Kxa2 45. Kd5 g6 46. Ke6 1-0

[Event "NRW Class1 1213"]
[Site "Germany"]
[Date "2013.02.17"]
[Round "6.3"]
[White "Kubo, Thomas"]
[Black "Rechmann, Peter"]
[Result "0-1"]
[WhiteElo "2008"]
[BlackElo "2255"]
[PlyCount "44"]
[EventDate "2012.09.16"]
[EventType "team-tourn"]
[EventRounds "9"]
[EventCountry "GER"]
[SourceTitle "EXT 2017"]
[Source "ChessBase"]
[SourceDate "2016.10.25"]
[SourceVersion "1"]
[SourceVersionDate "2016.10.25"]
[SourceQuality "1"]
[WhiteTeam "Muenster II"]
[BlackTeam "Langenfeld"]
[WhiteTeamCountry "GER"]
[BlackTeamCountry "GER"]

1. Nf3 Nf6 2. g3 d5 3. c4 dxc4 4. Qa4+ Nbd7 5. Qxc4 a6 6. Bg2 e6 7. d4 b5 8. Qc2 Bb7 9. Bg5 c5 10. 0-0 Qb6 11. Bxf6 Nxf6 12. dxc5 Bxc5 13. Ne1 Rc8 14. Nc3 Bd4 15. Bxb7 Qxb7 16. Qb3 Bxc3 17. bxc3 Ne4 18. Nf3 Nxc3 19. Qb2 0-0 20. Rac1 b4 21. Rc2 Qe4 22. Re1 Na4 0-1

[Event "NRW Class2 1112"]
[Site "Germany"]
[Date "2012.03.04"]
[Round "7.5"]
[White "Kubo, Thomas"]
[Black "Rosen, Willy"]
[Result "0-1"]
[WhiteElo "2041"]
[BlackElo "2221"]
[PlyCount "64"]
[EventDate "2011.09.18"]
[EventType "team-tourn"]
[EventRounds "9"]
[EventCountry "GER"]
[SourceTitle "EXT 2015"]
[Source "ChessBase"]
[SourceDate "2014.11.20"]
[SourceVersion "1"]
[SourceVersionDate "2014.11.20"]
[SourceQuality "1"]
[WhiteTeam "Muenster SK II"]
[BlackTeam "Katernberg II"]
[WhiteTeamCountry "GER"]
[BlackTeamCountry "GER"]

1. Nf3 Nf6 2. g3 d5 3. c4 e6 4. Bg2 Nbd7 5. 0-0 c6 6. Qc2 Bd6 7. d3 0-0 8. Nc3 Re8 9. b3 a6 10. Bb2 b5 11. Rfd1 Rb8 12. e4 dxc4 13. dxc4 Qc7 14. Nxb5 cxb5 15. Rxd6 Qxd6 16. e5 Qc7 17. exf6 gxf6 18. Qe4 e5 19. Qg4+ Kh8 20. Qh5 Nf8 21. Qh6 Rb6 22. c5 Qxc5 23. Rc1 Qd6 24. Rxc8 Rxc8 25. Bh3 Re8 26. Nh4 Ng6 27. Nf5 Qf8 28. Qe3 Rc6 29. Bc1 Rd8 30. Bd2 Rc2 31. Ba5 Rd1+ 32. Kg2 Qa8+ 0-1

[Event "NRW Class2 1112"]
[Site "Germany"]
[Date "2012.02.05"]
[Round "6.8"]
[White "Kubo, Thomas"]
[Black "Meyer, Ulrich"]
[Result "1-0"]
[WhiteElo "2041"]
[BlackElo "1979"]
[PlyCount "133"]
[EventDate "2011.09.18"]
[EventType "team-tourn"]
[EventRounds "9"]
[EventCountry "GER"]
[SourceTitle "EXT 2015"]
[Source "ChessBase"]
[SourceDate "2014.11.20"]
[SourceVersion "1"]
[SourceVersionDate "2014.11.20"]
[SourceQuality "1"]
[WhiteTeam "Muenster SK II"]
[BlackTeam "Sendenhorst"]
[WhiteTeamCountry "GER"]
[BlackTeamCountry "GER"]

1. Nf3 d5 2. g3 Bg4 3. Bg2 Bxf3 4. Bxf3 Nf6 5. c4 e6 6. Qb3 Nc6 7. cxd5 exd5 8. Nc3 Na5 9. Qa4+ c6 10. b4 Nc4 11. b5 Nb6 12. Qb3 c5 13. d3 Qd7 14. a4 Rd8 15. 0-0 Be7 16. a5 Nc8 17. a6 b6 18. e4 dxe4 19. dxe4 Qh3 20. Bg2 Qh5 21. Bf4 0-0 22. h3 g5 23. g4 Qg6 24. Bg3 Rd3 25. Rad1 Rfd8 26. Rxd3 Rxd3 27. Rd1 Rxd1+ 28. Qxd1 h5 29. e5 Nh7 30. Qd7 Qe6 31. Qxe6 fxe6 32. Bb7 h4 33. Bh2 c4 34. Bxc8 Kf7 35. Kf1 Bb4 36. Ne4 c3 37. Nxc3 Bxc3 38. f4 gxf4 39. Bxf4 Bd4 40. Ke2 Nf8 41. Bg5 Ng6 42. Bb7 Bxe5 43. Be4 Nf4+ 44. Kf3 Nxh3 45. Be3 Bc7 46. g5 e5 47. Kg4 Nf4 48. Kxh4 Ne2 49. Bd3 Nd4 50. Kh5 Kg7 51. Bc4 Nf5 52. Bd2 Bd8 53. Be6 Ng3+ 54. Kg4 Ne4 55. Be3 Nd6 56. Bd7 Kg6 57. Bc1 e4 58. Be3 Bc7 59. Bf4 Kf7 60. Be3 Nc4 61. Bd4 Be5 62. Bg1 Bd6 63. Kf5 Ne5 64. Be6+ Ke7 65. Bxb6 Nf3 66. Bd5 Bb8 67. Bc5+ 1-0

[Event "NRW Class2 1112"]
[Site "Germany"]
[Date "2011.09.18"]
[Round "1.8"]
[White "Kubo, Thomas"]
[Black "Hunold, Rolf"]
[Result "0-1"]
[WhiteElo "2041"]
[BlackElo "2000"]
[PlyCount "76"]
[EventDate "2011.09.18"]
[EventType "team-tourn"]
[EventRounds "9"]
[EventCountry "GER"]
[SourceTitle "EXT 2015"]
[Source "ChessBase"]
[SourceDate "2014.11.20"]
[SourceVersion "1"]
[SourceVersionDate "2014.11.20"]
[SourceQuality "1"]
[WhiteTeam "Muenster SK II"]
[BlackTeam "Letmathe"]
[WhiteTeamCountry "GER"]
[BlackTeamCountry "GER"]

1. d4 Nf6 2. Nf3 g6 3. g3 Bg7 4. Bg2 0-0 5. 0-0 d6 6. c4 c6 7. Nc3 Bg4 8. e4 Nbd7 9. Qc2 e5 10. d5 cxd5 11. cxd5 Nc5 12. Be3 Rc8 13. Nd2 Bd7 14. f3 Ne8 15. Rfc1 f5 16. b4 Na4 17. Qb3 Nxc3 18. Rxc3 Rxc3 19. Qxc3 b6 20. a4 f4 21. Bf2 fxg3 22. hxg3 g5 23. a5 g4 24. axb6 axb6 25. Ra6 gxf3 26. Nxf3 b5 27. Qe3 Bg4 28. Qg5 Qc8 29. Rc6 Qd7 30. Nh4 Kh8 31. Bb6 Bf6 32. Qh6 Rg8 33. Kh2 Bg5 34. Ng6+ Rxg6 35. Qf8+ Rg8 36. Qf1 Qg7 37. Qxb5 Qh6+ 38. Kg1 Be3+ 0-1

[Event "Dortmund Sparkassen op-A"]
[Site "Dortmund"]
[Date "2010.07.21"]
[Round "5"]
[White "Lienau, Henrik"]
[Black "Kubo, Thomas"]
[Result "0-1"]
[WhiteElo "1763"]
[BlackElo "1992"]
[PlyCount "42"]
[EventDate "2010.07.17"]
[EventType "swiss"]
[EventRounds "9"]
[EventCountry "GER"]
[SourceTitle "CBM 137 Extra"]
[Source "ChessBase"]
[SourceDate "2010.09.01"]
[SourceVersion "1"]
[SourceVersionDate "2010.09.01"]
[SourceQuality "1"]

1. e4 c6 2. d4 d5 3. Nc3 dxe4 4. Nxe4 Bf5 5. Ng3 Bg6 6. Bc4 e6 7. N1e2 Bd6 8. 0-0 Qc7 9. f4 Ne7 10. Nc3 Nd7 11. Nce4 0-0 12. Nxd6 Qxd6 13. c3 Rfd8 14. Kh1 b5 15. Bb3 c5 16. dxc5 Nxc5 17. Qxd6 Rxd6 18. Bd1 Nd3 19. Bf3 Rad8 20. Ne4 Bxe4 21. Bxe4 Nf2+ 0-1

[Event "NRW-ch U18"]
[Site "Kranenburg"]
[Date "2009.04.16"]
[Round "6"]
[White "Mazarov, Juergen"]
[Black "Kubo, Thomas"]
[Result "1-0"]
[WhiteElo "2177"]
[BlackElo "1962"]
[PlyCount "63"]
[EventDate "2009.04.13"]
[EventType "swiss"]
[EventRounds "7"]
[EventCountry "GER"]
[SourceTitle "EXT 2010"]
[Source "ChessBase"]
[SourceDate "2010.11.25"]
[SourceVersion "1"]
[SourceVersionDate "2010.11.25"]
[SourceQuality "1"]

1. e4 c6 2. d4 d5 3. Nc3 dxe4 4. Nxe4 Bf5 5. Ng3 Bg6 6. f4 e6 7. Nf3 Nf6 8. Bd3 Be7 9. 0-0 Nbd7 10. f5 exf5 11. Nxf5 0-0 12. Nxe7+ Qxe7 13. Bxg6 hxg6 14. Bg5 Rfe8 15. Qd3 Qd6 16. Rad1 Re7 17. Rfe1 Rae8 18. Rxe7 Rxe7 19. c4 Re4 20. Re1 Rxe1+ 21. Nxe1 Qb4 22. Qe2 Qa5 23. Bxf6 Nxf6 24. b3 Qc3 25. Nf3 Kf8 26. h3 b6 27. Qe5 Qa1+ 28. Kh2 Qxa2 29. Qd6+ Ke8 30. Qxc6+ Kf8 31. Qd6+ Ke8 32. Ne5 1-0

[Event "NRW-ch U18"]
[Site "Kranenburg"]
[Date "2009.04.14"]
[Round "2"]
[White "Czybik, Nils Patrick"]
[Black "Kubo, Thomas"]
[Result "1-0"]
[WhiteElo "2093"]
[BlackElo "1962"]
[PlyCount "127"]
[EventDate "2009.04.13"]
[EventType "swiss"]
[EventRounds "7"]
[EventCountry "GER"]
[SourceTitle "EXT 2010"]
[Source "ChessBase"]
[SourceDate "2010.11.25"]
[SourceVersion "1"]
[SourceVersionDate "2010.11.25"]
[SourceQuality "1"]

1. Nf3 c5 2. c4 Nc6 3. Nc3 g6 4. g3 Bg7 5. Bg2 d6 6. 0-0 e5 7. Ne1 Nge7 8. Nc2 Be6 9. d3 0-0 10. Rb1 Rc8 11. a3 Qd7 12. b4 b6 13. Ne3 Kh8 14. Ned5 f5 15. f4 Rfe8 16. fxe5 Nxe5 17. Bg5 Nxd5 18. Nxd5 Ng4 19. h3 Bxd5 20. Bxd5 Bd4+ 21. Kg2 Ne3+ 22. Bxe3 Rxe3 23. Qd2 Rce8 24. Bf3 Qe7 25. bxc5 dxc5 26. Qe1 Qg5 27. Rd1 h5 28. h4 Qf6 29. a4 Kg7 30. Kh3 Be5 31. Qf2 f4 32. Rg1 Qf5+ 33. g4 Qd7 34. Kh2 hxg4 35. Rxg4 Rh8 36. Qg2 Rh6 37. Rg1 Qf7 38. Qh3 Bd6 39. Kh1 Be7 40. h5 g5 41. R4g2 Qe6 42. Qh4 Kf8 43. Qg4 Qxg4 44. Bxg4 Bf6 45. Bf3 Ke7 46. a5 Re6 47. Rb1 Rd6 48. Rb5 Ke6 49. Kh2 Ke5 50. Kh3 Be7 51. Kg4 Rd8 52. Rg1 Rdh8 53. Rh1 Bd8 54. Be4 Kf6 55. axb6 axb6 56. d4 Re8 57. Bf3 cxd4 58. Rxg5 Re5 59. Rg8 Be7 60. Kxf4 Bd6 61. Kg4 Rc5 62. Bd5 Be5 63. Rf8+ Ke7 64. Rf7+ 1-0

[Event "NRW-ch U18"]
[Site "Kranenburg"]
[Date "2009.04.14"]
[Round "3"]
[White "Kubo, Thomas"]
[Black "Van der Valk, Niklas"]
[Result "1/2-1/2"]
[WhiteElo "1962"]
[BlackElo "2061"]
[PlyCount "32"]
[EventDate "2009.04.13"]
[EventType "swiss"]
[EventRounds "7"]
[EventCountry "GER"]
[SourceTitle "EXT 2010"]
[Source "ChessBase"]
[SourceDate "2010.11.25"]
[SourceVersion "1"]
[SourceVersionDate "2010.11.25"]
[SourceQuality "1"]

1. d4 Nf6 2. Bf4 e6 3. Nf3 b6 4. e3 Bb7 5. Be2 Be7 6. h3 d6 7. Nbd2 c5 8. c3 0-0 9. 0-0 Nc6 10. a4 Rc8 11. Re1 Re8 12. Bh2 Bf8 13. Bf1 d5 14. Bd3 Bd6 15. Ne5 Qc7 16. f4 Ne7 1/2-1/2

[Event "NRW-ch U18"]
[Site "Kranenburg"]
[Date "2009.04.13"]
[Round "1"]
[White "Kubo, Thomas"]
[Black "Nolte, Christoph"]
[Result "1/2-1/2"]
[WhiteElo "1962"]
[BlackElo "2105"]
[PlyCount "109"]
[EventDate "2009.04.13"]
[EventType "swiss"]
[EventRounds "7"]
[EventCountry "GER"]
[SourceTitle "EXT 2010"]
[Source "ChessBase"]
[SourceDate "2010.11.25"]
[SourceVersion "1"]
[SourceVersionDate "2010.11.25"]
[SourceQuality "1"]

1. d4 Nf6 2. c4 g6 3. Nc3 d5 4. cxd5 Nxd5 5. g3 Bg7 6. Bg2 Nxc3 7. bxc3 0-0 8. Nf3 c5 9. 0-0 cxd4 10. cxd4 Nc6 11. Be3 Bg4 12. Rb1 Qd7 13. Qb3 b6 14. Rfd1 Rac8 15. Qb5 Rfd8 16. d5 Na5 17. Qxd7 Rxd7 18. h3 Bf5 19. Rbc1 Rdc7 20. Bf4 Rc2 21. Rxc2 Rxc2 22. Rc1 Nc4 23. Rxc2 Bxc2 24. Bb8 a6 25. Bf1 Be4 26. Ng5 Bb1 27. a4 h6 28. Nf3 Be4 29. Ne1 Bxd5 30. e4 Be6 31. Bc7 Bc3 32. Ng2 b5 33. axb5 axb5 34. Nf4 Bd7 35. Nd5 Bf6 36. Nxf6+ exf6 37. Bxc4 bxc4 38. h4 Kf8 39. Bd6+ Ke8 40. Bb4 h5 41. Bc3 Ke7 42. f4 Bc6 43. e5 fxe5 44. Bxe5 Ke6 45. Kf2 Kd5 46. Ke3 Bd7 47. Bc3 Kc5 48. Bd2 Bf5 49. Be1 Bd3 50. Bd2 f6 51. Be1 Kb5 52. Kd4 Ka4 53. Kc3 Ka3 54. Bd2 Ka2 55. Be3 1/2-1/2

[Event "Dortmund Sparkassen op-B"]
[Site "Dortmund"]
[Date "2008.07.06"]
[Round "9"]
[White "Kubo, Thomas"]
[Black "Barskij, Alexander"]
[Result "1-0"]
[WhiteElo "1868"]
[BlackElo "1887"]
[PlyCount "147"]
[EventDate "2008.06.30"]
[EventType "swiss"]
[EventRounds "9"]
[EventCountry "GER"]
[SourceTitle "EXT 2022"]
[Source "ChessBase"]
[SourceDate "2021.10.06"]
[SourceVersion "1"]
[SourceVersionDate "2021.10.06"]
[SourceQuality "1"]

1. Nf3 Nf6 2. b3 d5 3. Bb2 Bf5 4. g3 e6 5. Bg2 h6 6. d3 Be7 7. Nbd2 0-0 8. 0-0 c5 9. c4 Nc6 10. a3 Re8 11. cxd5 exd5 12. Rc1 d4 13. Nc4 Bf8 14. a4 Rc8 15. Ba3 Nd5 16. Qd2 b6 17. Rfe1 Ndb4 18. Nh4 Bh7 19. Bb2 Rc7 20. Nf3 Rce7 21. Na3 Na5 22. Nc2 Qd7 23. Na1 Qe6 24. Nxd4 cxd4 25. Qxb4 Bxd3 26. Qxd4 Bxe2 27. Bd5 Qg4 28. b4 Qxd4 29. Bxd4 Rd8 30. bxa5 Rxd5 31. Be3 Bf3 32. axb6 axb6 33. Bxb6 Rb7 34. a5 Bb4 35. Re3 Bd1 36. Rc8+ Kh7 37. a6 Rxb6 38. a7 Ra6 39. a8Q Rxa8 40. Rxa8 Bh5 41. Nb3 Rd1+ 42. Kg2 Rb1 43. Ra4 Bd6 44. Nd4 Bc5 45. Re5 Bxd4 46. Rxd4 Bg6 47. Rd8 f6 48. Re7 Bf5 49. h3 Rb4 50. g4 Be4+ 51. f3 Bc6 52. Rc8 Rb7 53. Rec7 Rxc7 54. Rxc7 Bd5 55. Kg3 h5 56. Rc5 Bf7 57. Rxh5+ Bxh5 58. gxh5 Kh6 59. Kg4 f5+ 60. Kh4 g5+ 61. hxg6 Kxg6 62. Kg3 Kg5 63. h4+ Kg6 64. Kf4 Kf6 65. h5 Ke6 66. Kg5 Kf7 67. Kxf5 Kg7 68. Kg5 Kh7 69. f4 Kg7 70. f5 Kf7 71. h6 Kg8 72. Kg6 Kh8 73. f6 Kg8 74. f7+ 1-0

[Event "Dortmund Sparkassen op-B"]
[Site "Dortmund"]
[Date "2008.07.01"]
[Round "2"]
[White "Kubo, Thomas"]
[Black "Brand, Thomas2222"]
[Result "1-0"]
[WhiteElo "1868"]
[BlackElo "1660"]
[PlyCount "43"]
[EventDate "2008.06.30"]
[EventType "swiss"]
[EventRounds "9"]
[EventCountry "GER"]
[SourceTitle "EXT 2022"]
[Source "ChessBase"]
[SourceDate "2021.10.06"]
[SourceVersion "1"]
[SourceVersionDate "2021.10.06"]
[SourceQuality "1"]

1. d4 Nf6 2. c4 e6 3. Nc3 Bb4 4. Qc2 d5 5. cxd5 Qxd5 6. Nf3 Qa5 7. Bd2 0-0 8. e3 c6 9. Bd3 Nbd7 10. 0-0 Qh5 11. a3 Bd6 12. Ne2 Ng4 13. Ng3 Bxg3 14. fxg3 f5 15. h3 Ngf6 16. Qb3 Nd5 17. Rae1 Re8 18. e4 fxe4 19. Rxe4 N7f6 20. Rh4 Qf7 21. Ng5 Qc7 22. Nxh7 1-0

[Event "NRW-ch U16"]
[Site "Kranenburg"]
[Date "2008.03.28"]
[Round "6"]
[White "Kahleys, Kevin"]
[Black "Kubo, Thomas"]
[Result "1/2-1/2"]
[WhiteElo "1851"]
[BlackElo "1781"]
[PlyCount "21"]
[EventDate "2008.03.24"]
[EventType "swiss"]
[EventRounds "7"]
[EventCountry "GER"]
[SourceTitle "EXT 2009"]
[Source "ChessBase"]
[SourceDate "2008.11.26"]
[SourceVersion "1"]
[SourceVersionDate "2008.11.26"]
[SourceQuality "1"]

1. d4 Nf6 2. Nf3 e6 3. g3 b6 4. Bg2 Bb7 5. 0-0 Be7 6. c4 0-0 7. Nc3 d6 8. b3 c5 9. Bb2 Nbd7 10. Qc2 Rc8 11. Rad1 1/2-1/2

[Event "NRW-ch U16"]
[Site "Kranenburg"]
[Date "2008.03.24"]
[Round "1"]
[White "Nolte, Christoph"]
[Black "Kubo, Thomas"]
[Result "1-0"]
[WhiteElo "2006"]
[BlackElo "1781"]
[PlyCount "69"]
[EventDate "2008.03.24"]
[EventType "swiss"]
[EventRounds "7"]
[EventCountry "GER"]
[SourceTitle "EXT 2009"]
[Source "ChessBase"]
[SourceDate "2008.11.26"]
[SourceVersion "1"]
[SourceVersionDate "2008.11.26"]
[SourceQuality "1"]

1. e4 c6 2. d4 d5 3. e5 c5 4. c3 Bf5 5. Nf3 e6 6. Bd3 Bxd3 7. Qxd3 Nc6 8. 0-0 Qb6 9. a3 Nge7 10. b4 cxd4 11. cxd4 Nf5 12. Bb2 Be7 13. g4 Nh4 14. Nxh4 Bxh4 15. f4 0-0-0 16. Nd2 g5 17. Nf3 Rdg8 18. Kh1 h5 19. Nxh4 gxh4 20. g5 Ne7 21. b5 Kb8 22. a4 Rc8 23. a5 Qd8 24. Ba3 Nf5 25. Bc5 Qd7 26. Rfb1 Qd8 27. Bxa7+ Kxa7 28. b6+ Kb8 29. a6 Rc4 30. axb7 Kxb7 31. Ra7+ Kb8 32. Qa3 Nxd4 33. Ra8+ Kb7 34. Qa7+ Kc6 35. Rxd8 1-0

[Event "Dortmund op-B"]
[Site "Dortmund"]
[Date "2007.07.01"]
[Round "9"]
[White "Brinkmann, Benedikt"]
[Black "Kubo, Thomas"]
[Result "1-0"]
[WhiteElo "1615"]
[BlackElo "1738"]
[PlyCount "49"]
[EventDate "2007.06.22"]
[EventType "swiss"]
[EventRounds "9"]
[EventCountry "GER"]
[SourceTitle "EXT 2008"]
[Source "ChessBase"]
[SourceDate "2007.11.25"]
[SourceVersion "1"]
[SourceVersionDate "2007.11.25"]
[SourceQuality "1"]

1. d4 Nf6 2. c4 g6 3. Nc3 d5 4. cxd5 Nxd5 5. e4 Nxc3 6. bxc3 Bg7 7. Nf3 0-0 8. Bc4 c5 9. 0-0 Nc6 10. Bd5 Bg4 11. Bxc6 bxc6 12. dxc5 Qa5 13. Be3 Bxc3 14. Rc1 Bg7 15. Qd2 Qc7 16. Qe2 Rab8 17. Rb1 Rxb1 18. Rxb1 Rb8 19. Rd1 Qa5 20. h3 Bxf3 21. gxf3 Rb2 22. Rd2 Qxa2 23. Rd8+ Bf8 24. Bh6 Qb1+ 25. Qf1 1-0